000 01101cam a22002531i 4500
003 SA-RiAUC
005 20260315141829.0
008 260123q19001999||| g 000 0 ara c
040 _aEG-CaDAJ
_bara
_cSA-RiAUC
_erda
082 0 4 _a412
090 _aم ن 412
_bا ل و
100 1 _aالآلوسي الكبير، محمود بن عبد الله الحسيني،
_d1217-1270 هجري
_eمؤلف.
245 1 0 _aكشف الطرة عن الغرة /
_cنعمان خير الدين الآلوسي.
264 1 _a[مكان النشر غير محدد] :
_b[الناشر غير محدد]،
_c[بين 1900 و1999]
300 _a477 صفحة؛
_c29 سم.
336 _aنص
_btxt
_2rdacontent
_3كتاب
337 _aبدون وسيط
_bn
_2rdamedia
338 _aمجلد
_bnc
_2rdacarrier
650 7 _aاللغة العربية
_xتعبيرات اصطلاحية
_2aucsh
700 1 2 _aالحريري، القاسم بن علي بن محمد،
_d446-516 هجري
740 0 2 _aدرة الغواص في أوهام الخواص.
942 _2ddc
_cRBOOK COPY
_n0
949 _aSA-JeALM
_d260123
_umohamedma123
_n1
999 _c14608
_d14608